1228 1821 1891 1003 1899 1377 1557 1055 1010 1572 1106 1568 1476 1851 1886 1457 1116 1473 1914 1741 1706 1801 1650 1211 1582 1732 1525 1396 1789 1676 1880 1787 1410 1004 1736 1135 1864 1704 1793 1174 1698 1062 1204 1225 1706 1667 1034 1582 1714 1768 1332 1891 1840 1709 1510 1007 1789 1432 1529 1987 1559 1820 1106 1037 1990 1269 1709 1517 1756 1181 1108 1474 1259 1891 1563 1023 1530 1716 1245 1457 1559 1556 1887 1816 1299 1909 1186 1305 1288 1235 1072 1974 1101 1238 1442 1582 1422 1268 1211 BCNSPRNW ULIB Ver.6.0+V

เปลี่ยนเป็นภาษาไทย

Change to English
 แสดงรายละเอียดบรรณานุกรม
  กลับหน้าหลัก

Brief Record : Get Marc (ISO 2709) : E-mail record : QR code < ปิดหน้าต่าง
LEADER : 00000nam 2200000uu 4500
001    13399113999
003     ULIB
008    120125s2552||||th 000 0 tha d
020    ^a9786117097027
090    ^aนว.^bล125ป 2552
100 0  ^aลมหายใจเทพยดา
245 00 ^aThe X mas Bless ปิ๊งรักสุดเฮ้ว กับ หนุ่มเอลฟ์สุดซ่า/^cลมหายใจเทพยดา
250    ^aพิมพ์ครั้งที่ 1
260    ^aกรุงเทพฯ :^bSimply Book Chill Out,^c2552
300    ^a192 หน้า
710 1  ^aSimply Book Chill Out
945    ^p155^l0^i15827
995    ^aกัณชพร
999    ^aใช้งานได้ทุกระบบ
รายการนี้ยังไม่มีแท็ก
คุณยังไม่ได้ล็อกอิน คุณสามารถมีกิจกรรมร่วมกับเว็บไซต์ได้ แต่ต้องล็อกอินก่อน ::
  ล็อกอิน

รายการสื่อสารสนเทศ

ลำดับที่ ประเภท เลขเรียก/บาร์โค้ด สถานที่ สถานะ
1. นวนิยาย
นวนิยาย
นว. ล125ป 2552  
  Barcode: 15827
ห้องสมุดวิทยาเขตสวรรค์ประชารักษ์
►นวนิยาย
บนชั้น
  ขอยืม

BibComment


ยังไม่เคยถูกคอมเมนท์

คอมเมนท์ทรัพยากรรายการนี้
  คอมเมนท์: The X mas Bless ..


 Copyright 2026. Bcnsprnw @Library